[Event "Titled Tue 3rd Jan Late"]
[Site "chess.com INT"]
[Date "2025.06.03"]
[Round "11"]
[White "Mendes Aaron Reeve"]
[Black "Carlsson, Ludvig"]
[Result "1-0"]
[WhiteTitle "IM"]
[BlackTitle "IM"]
[WhiteElo "2335"]
[BlackElo "2374"]
[WhiteFideId "25954938"]
[BlackFideId "1727010"]
[EventDate "2025.06.03"]

1. e4 e5 2. Nf3 Nf6 3. d4 Nxe4 4. dxe5 d5 5. exd6 Bxd6 6. Bd3 Nc5 7. Bg5 Be7 8.
Bb5+ c6 9. Qxd8+ Bxd8 10. Bc4 Bxg5 11. Nxg5 O-O 12. Nc3 Nbd7 13. O-O-O Ne5 14.
Be2 h6 15. Nf3 Nxf3 16. Bxf3 Be6 17. b4 Nd7 18. b5 cxb5 19. Nxb5 Ne5 20. Nc7
Rac8 21. Nxe6 fxe6 22. Bxb7 Rc7 23. Be4 Rxf2 24. Rd8+ Kf7 25. Rhd1 Re2 26. Bh7
g6 27. Bg8+ Ke7 28. R1d2 Rxd2 29. Rxd2 Nd7 30. Re2 Rc6 31. Bh7 Nf8 32. Bg8 Kf6
33. Rf2+ Kg7 34. Rf7+ Kxg8 35. Rxa7 e5 36. Kd2 Ne6 37. Kd3 Nc5+ 38. Kc4 Rc8 39.
Kd5 e4 40. Kd4 Ne6+ 41. Kxe4 Rxc2 42. Ke5 Nf8 43. g3 Rxh2 44. a4 Rg2 45. Kf4
Rf2+ 46. Ke5 Rf3 47. g4 h5 48. gxh5 gxh5 49. a5 h4 50. Ke4 Ra3 51. Kf4 h3 52.
Rb7 Ng6+ 53. Kg4 Ne5+ 54. Kf4 h2 55. Rb1 Ng6+ 56. Kg4 Rxa5 57. Rh1 Ne5+ 58. Kf4
Nd3+ 59. Kg3 Ra3 60. Kxh2 Nf4 61. Rf1 Ng6 62. Rg1 Kg7 63. Rg3 Ra6 64. Kh3 Kh6
65. Kg4 Ra4+ 66. Kf5 Nh4+ 67. Kf6 Rf4+ 68. Ke5 Rf1 69. Rg4 Kh5 70. Rg8 Ng6+ 71.
Ke4 Kg5 72. Rd8 Re1+ 73. Kf3 Ne5+ 74. Kf2 Re4 75. Kg3 Re3+ 76. Kf2 Ng4+ 77. Kg2
Kf5 78. Rd4 Ra3 79. Rb4 Nh6 80. Kf2 Ke5 81. Ke2 Nf5 82. Kd2 Nd4 83. Rc4 Ke4 84.
Rc8 Ra2+ 85. Kc1 Kd3 86. Kb1 Rf2 87. Rg8 Nc6 88. Rg3+ Kc4 89. Kc1 Nb4 90. Kd1
Nd3 91. Rg4+ Kc3 92. Rc4+ Kb3 93. Rc3+ 1-0

[Event "Titled Tue 3rd Jan Late"]
[Site "chess.com INT"]
[Date "2025.06.03"]
[Round "11"]
[White "Ersoz, Teoman Guney"]
[Black "Aliyev, Elnur"]
[Result "1/2-1/2"]
[WhiteTitle "CM"]
[BlackTitle "CM"]
[WhiteElo "2090"]
[BlackElo "2155"]
[WhiteFideId "44537050"]
[BlackFideId "13402617"]
[EventDate "2025.06.03"]

1. e4 d5 2. exd5 Qxd5 3. Nc3 Qd8 4. Bc4 Nf6 5. d3 a6 6. a4 g6 7. Nf3 Bg7 8. Bg5
O-O 9. Qd2 Nc6 10. h4 h5 11. Bh6 Bg4 12. Bxg7 Kxg7 13. Ng5 Qd6 14. f3 Qg3+ 15.
Qf2 Qxf2+ 16. Kxf2 Bf5 17. Rhe1 Rae8 18. Nd5 Nxd5 19. Bxd5 Nd4 20. Rac1 c6 21.
Ba2 c5 22. Bd5 e6 23. Bxb7 Rb8 24. Bxa6 Rxb2 25. Bc4 Ra8 26. Rg1 Nxc2 27. g4
hxg4 28. fxg4 Nd4+ 29. Ke3 Re2+ 30. Kf4 e5+ 31. Kg3 Bxd3 32. Bxd3 Re3+ 33. Kf2
Rxd3 34. Rc4 Rd2+ 35. Ke3 Re2+ 36. Kd3 Ra2 37. Rxc5 R8xa4 38. Rf1 f6 39. Rc7+
Kg8 40. Rc8+ Kg7 41. Rc7+ Kg8 42. Rxf6 R2a3+ 43. Rc3 Rxc3+ 44. Kxc3 Nb5+ 45. Kb3
Rxg4 46. Rxg6+ Kf8 47. Ne6+ Ke7 48. Rxg4 Kxe6 49. h5 Nd4+ 50. Kc4 Nf5 51. Rg6+
Kf7 52. Kd3 Ng7 53. Ra6 Nxh5 54. Ke4 Nf6+ 55. Kxe5 Nd7+ 56. Kf5 Nc5 57. Ra7+ Ke8
58. Kf6 Kd8 59. Rh7 Kc8 60. Ke5 Nd3+ 61. Kd6 Kb8 62. Rh8+ Kb7 63. Rh3 Nf4 64.
Rb3+ Ka6 65. Kc6 Ka5 66. Rb5+ Ka4 67. Rf5 Ne2 68. Rh5 Nc3 69. Kc5 Kb3 70. Rh3
Kc2 71. Kd4 Ne2+ 72. Kc4 Kd2 73. Rd3+ Ke1 74. Ra3 Kf2 75. Kd3 Nf4+ 76. Ke4 Ng2
77. Ra2+ Kf1 78. Kf3 Ne1+ 79. Kg3 Nd3 80. Rd2 Ne1 81. Ra2 Nd3 82. Kf3 Ne1+ 83.
Ke3 Ng2+ 84. Kd3 Ne1+ 85. Ke4 Ng2 86. Rd2 Ne1 87. Rh2 Kg1 88. Rh8 Kf1 89. Ke3
Ng2+ 90. Kd2 Kf2 91. Rf8+ Kg3 92. Ke2 Nf4+ 93. Ke3 Ng2+ 94. Ke4 Ne1 95. Rg8+ Kf2
96. Rf8+ Ke2 97. Ra8 Kf2 98. Ra2+ Kf1 99. Kf4 Kg1 100. Kg3 Kf1 101. Rf2+ Kg1
102. Rh2 Kf1 103. Rf2+ Kg1 104. Re2 Kf1 105. Re3 1/2-1/2